ბათუმის შოთა რუსთაველის სახელმწიფო უნივერსიტეტის ბიბლიოთეკა

სახელდება და აუცილებლობა (ბიბ.ჩანაწერი № 49463)

000 -LEADER
fixed length control field 01709nam a2200277Ia 4500
001 - CONTROL NUMBER
control field 16387
003 - CONTROL NUMBER IDENTIFIER
control field GE_BSU
008 - FIXED-LENGTH DATA ELEMENTS--GENERAL INFORMATION
fixed length control field 181216s||||||||xx |||||||||||||| ||und||
020 ## - INTERNATIONAL STANDARD BOOK NUMBER
International Standard Book Number ISBN 978-9941-18-217-4
040 ## - CATALOGING SOURCE
Transcribing agency GE_BSU
080 ## - UNIVERSAL DECIMAL CLASSIFICATION NUMBER
Universal Decimal Classification number 123(042) + 81:1 + 111
100 ## - MAIN ENTRY--PERSONAL NAME
Personal name კრიპკე, ს.ა. (საულ ა.)
245 ## - TITLE STATEMENT
Title სახელდება და აუცილებლობა
245 ## - TITLE STATEMENT
Statement of responsibility, etc. ინგლ. თარგმნა და კომენტ. დაურთო თამარ ცხადაძემ ; სამეცნ. რედ. ლელა ალექსიძე ; ყდის დიზაინი თამარ ბასილია ;
260 ## - PUBLICATION, DISTRIBUTION, ETC.
Name of publisher, distributor, etc. ილიას სახელმწ. უნ-ტის გამ-ბა
260 ## - PUBLICATION, DISTRIBUTION, ETC.
Date of publication, distribution, etc. 2014.
300 ## - PHYSICAL DESCRIPTION
Extent 244 გვ; 20 სმ.
300 ## - PHYSICAL DESCRIPTION
Other physical details დამატებები: გვ. 209-220. - კომენტარები: გვ. 221-229. - საძიებელი: გვ. 230-243
300 ## - PHYSICAL DESCRIPTION
Dimensions გარეკანზე ფოტო: ჟან (ჰანს) არპი, კოლაჟი შემთხვევითობის კანონების მიხედვით მოწესრიგებული კვადრატებით.
520 ## - SUMMARY, ETC.
Summary, etc. ფილოსოფიური ბიბლიოთეკა
653 ## - INDEX TERM--UNCONTROLLED
Uncontrolled term სახელდება და აუცილებლობა
653 ## - INDEX TERM--UNCONTROLLED
Uncontrolled term სახელდება; აუცილებლობა; ენის ფილოსოფია; საკუთარი სახელები;
653 ## - INDEX TERM--UNCONTROLLED
Uncontrolled term ფილოსოფია
942 ## - ADDED ENTRY ELEMENTS (KOHA)
Koha item type წიგნი
ეგზემპლარები
Withdrawn status Lost status Damaged status Not for loan Date acquired Barcode Date last seen Price effective from Koha item type
        2018-12-17 40979 2018-12-17 2018-12-17 წიგნი
        2018-12-17 40980 2018-12-17 2018-12-17 წიგნი
        2018-12-17 40981 2018-12-17 2018-12-17 წიგნი
        2018-12-17 40982 2018-12-17 2018-12-17 წიგნი
        2018-12-17 40983 2018-12-17 2018-12-17 წიგნი